Environmental and natural resource economics (Reference materials of the training course)

সংরক্ষণ করুন:
গ্রন্থ-পঞ্জীর বিবরন
প্রধান লেখক: Tietenberg, Thomas H.
বিন্যাস: গ্রন্থ
ভাষা:Undetermined
প্রকাশিত: New York, NY HarperCollins Publishers 1992
বিষয়গুলি:
ট্যাগগুলো: ট্যাগ যুক্ত করুন
কোনো ট্যাগ নেই, প্রথমজন হিসাবে ট্যাগ করুন!
Thư viện lưu trữ: Trung tâm Học liệu Trường Đại học Cần Thơ
LEADER 00721nam a2200205Ia 4500
001 CTU_149587
008 210402s9999 xx 000 0 und d
082 |a 333.7 
082 |b T559/Vol.2 
100 |a Tietenberg, Thomas H. 
245 0 |a Environmental and natural resource economics 
245 0 |b (Reference materials of the training course) 
245 0 |c Tom Tietenberg 
260 |a New York, NY 
260 |b HarperCollins Publishers 
260 |c 1992 
650 |a Environmental policy,Natural resources,Raw materials,Tài nguyên thiên nhiên 
650 |x Government policy,Government policy,Chính sách quốc gia 
904 |i Nguyên 
980 |a Trung tâm Học liệu Trường Đại học Cần Thơ